Seven Continents Quiz - Statistics

General Stats
  • This quiz has been taken 673 times
  • The average score is 7 of 7
Answer Stats
Continent % Correct
Asia
98%
North America
98%
South America
98%
Europe
97%
Africa
96%
Antarctica
88%
Australia
86%
No matching quizzes found
Score Distribution
Percent of People with Each Score
Percentile by Number Answered
Your Score History
You have not taken this quiz